00842nam a2200193 a 4500003000200000005001700002008004100019050003100060100001500091245012600106260009000232300004000322504004100362650002800403650005500431942001400486999001700500952013100517020250508142825.0090729s19uu xx 00 eng d aPHS BF 698.9.C8b.Z46 2004 aZhang, Qi. aComparison of beliefs, traits and values among the Chinese, Korean and Japanese high school students in SISC /cZhang Qi. aLas Piñas City, Philippines :bSouthville International School and Colleges,c2004. a45 pages :billustrations ;c28 cm. aIncludes bibliographical references. aCross-cultural studies. aStudents, ForeignzPhilippinesxSocial conditions. 2lcccPASS c97173d97173 00102lcc40aLUXbLUXcPASSd2009-07-29eDONATIONl0oPHS BF 698.9.C8 .Z46 2004pP1200r2014-04-08 00:00:00w2014-04-08yPASS